[Event "Foment Martinenc op-B 22nd"]
[Site "Barcelona"]
[Date "2022.05.14"]
[Round "4"]
[White "Gallego Naharro, Alejandro"]
[Black "Lopez Escribano, Ricardo"]
[Result "1-0"]
[WhiteElo "1779"]
[BlackElo "1489"]
[PlyCount "101"]
[EventDate "2022.04.23"]
[EventType "swiss"]
[EventRounds "9"]
[EventCountry "ESP"]
[SourceTitle "EXT 2023"]
[Source "ChessBase"]
[SourceDate "2022.10.05"]
[SourceVersion "1"]
[SourceVersionDate "2022.10.05"]
[SourceQuality "1"]

1. d4 d5 2. c4 e6 3. Nc3 Nf6 4. Bg5 Be7 5. Nf3 0-0 6. Qc2 Nbd7 7. Rd1 b6 8. e3 Bb7 9. cxd5 Nxd5 10. Bxe7 Nxe3 11. fxe3 Qxe7 12. Be2 c5 13. 0-0 Nf6 14. Ng5 Rfc8 15. dxc5 Qxc5 16. Bf3 Bxf3 17. Nxf3 Qxe3+ 18. Qf2 Qh6 19. Rd4 Rc5 20. Rfd1 Kf8 21. Qd2 Qxd2 22. R1xd2 Ke7 23. h3 Rac8 24. Kf2 R8c7 25. Ne4 Nxe4+ 26. Rxe4 f6 27. b4 Rc4 28. Nd4 e5 29. Nf5+ Ke6 30. Nxg7+ Kf7 31. Rxc4 Rxc4 32. Rd7+ Kg6 33. Rxa7 Rxb4 34. g4 h5 35. Nxh5 f5 36. gxf5+ Kxf5 37. Ng3+ Kg5 38. Ra3 b5 39. Rb3 Ra4 40. Rb2 Kf4 41. Ne2+ Kf5 42. Nc3 Rh4 43. Kg3 Rd4 44. Nxb5 Rd3+ 45. Kg2 Kg5 46. a4 Rd8 47. a5 e4 48. a6 e3 49. Kf3 Rd2 50. Rxd2 exd2 51. Ke2 1-0